01662nam a2200337 i 4500003000900000005001700009007000300026008004100029020001800070040003000088082001300118100004600131245018800177264003700365300006700402336002700469337003400496338002800530500006800558590002700626700003600653700005300689700007000742710009500812910001400907942001400921952012000935952012601055952012601181999001701307DO-SdBNP20240618095329.0ta240618s2023 dr abo 000 j spa d a9789945623222 aDO-SdBNPbspacBNPHUerda bM385222 aMartínez Nazar, Kathleen973326eautora10aBuscando a la reina Cleopatra /cKathleen Martínez Nazar ; prólogo Zahi Hawass ; edición Enrique Soldevilla Enríquez ; traducción al español Alexandra Llinás Florentino  1aSanto Domingo :bINESDYC,c2023. a113 páginas, bilustraciones, mapas, fotografías c25 cm. 2rdacontentatextobtxt 2rdamediaasin mediación bn 2rdacarrieravolumenbnc aIncluye datos biografícos de la autora en la página 108-109 aInventariado, 2024/ YL1 aHawass, Zahieprólogo 9856931 aSoldevilla Enríquez, Enriqueeedición9856851 aLlinás Florentino, Alexandraetraducción al español 911384 aInstituto de Educación Superior en Formación Diplomática y Consular (INESDYC)984530 aYLockward 2ddccLBS1 00102ddc51708PDaBNPHUbBNPHUcCTd2024-02-12eDeposito Legall0oM385p2024-3547r2024-06-18w2024-06-18yLBS1 00102ddc51708PDaBNPHUbBNPHUcCTd2024-02-12eDeposito Legall0oM385p2024-3548r2024-06-18te. 2w2024-06-18yLBS1 00102ddc56708DSaBNPHUbBNPHUcCTd2024-02-12eDeposito Legall0oM385p2024-3549r2024-06-18te. 3w2024-06-18yLBS1 c56874d56874